A life of Napoleon Bonaparte : (Record no. 82272)
[ view plain ]
| 000 -LEADER | |
|---|---|
| fixed length control field | 00704nam a2200205 a 4500 |
| 001 - CONTROL NUMBER | |
| control field | 82272 |
| 003 - CONTROL NUMBER IDENTIFIER | |
| control field | BD-RjUL |
| 005 - DATE AND TIME OF LATEST TRANSACTION | |
| control field | 20231112153058.0 |
| 008 - FIXED-LENGTH DATA ELEMENTS--GENERAL INFORMATION | |
| fixed length control field | 23 s1905 nyua 000 0 eng d |
| 040 ## - CATALOGING SOURCE | |
| Original cataloging agency | HAI |
| Transcribing agency | BD-RjUL |
| 041 0# - LANGUAGE CODE | |
| Language code of text/sound track or separate title | eng |
| 082 ## - DEWEY DECIMAL CLASSIFICATION NUMBER | |
| Edition number | 23 |
| Classification number | 947.092 |
| Item number | HUL 1905 |
| 100 ## - MAIN ENTRY--PERSONAL NAME | |
| Personal name | Hughson, D. |
| 9 (RLIN) | 10005 |
| 245 12 - TITLE STATEMENT | |
| Title | A life of Napoleon Bonaparte : |
| Remainder of title | with a sketch of Josephine, Empress of the French / |
| Statement of responsibility, etc. | D.Hughson |
| 260 ## - PUBLICATION, DISTRIBUTION, ETC. | |
| Place of publication, distribution, etc. | New York : |
| Name of publisher, distributor, etc. | McClure, Phillips, |
| Date of publication, distribution, etc. | 1905 |
| 300 ## - PHYSICAL DESCRIPTION | |
| Extent | 485 p. : |
| Other physical details | ill. ; |
| Dimensions | 24 cm. |
| 600 04 - SUBJECT ADDED ENTRY--PERSONAL NAME | |
| Personal name | Napoléon |
| Numeration | I, |
| Titles and other words associated with a name | Emperor of the French, |
| Dates associated with a name | 1769-1821. |
| 9 (RLIN) | 10003 |
| Personal name | Josephine, |
| Titles and other words associated with a name | Empress, consort of Napoleon I, Emperor of the French, |
| Dates associated with a name | 1763-1814 |
| 9 (RLIN) | 10004 |
| 942 ## - ADDED ENTRY ELEMENTS (KOHA) | |
| Source of classification or shelving scheme | Dewey Decimal Classification |
| Koha item type | Books |
| Suppress in OPAC | No |
| Withdrawn status | Lost status | Source of classification or shelving scheme | Damaged status | Not for loan | Collection code | Home library | Current library | Shelving location | Date acquired | Source of acquisition | Full call number | Barcode | Date last seen | Copy number | Price effective from | Koha item type |
|---|---|---|---|---|---|---|---|---|---|---|---|---|---|---|---|---|
| Dewey Decimal Classification | Not For Loan | Non-fiction | Central Library, University of Rajshahi | Central Library, University of Rajshahi | Reading Room | 11/01/1963 | A.H.Quraishi | 947.092 HUL 1905 | 39441 | 12/11/2023 | C-1 | 12/11/2023 | Books |